Faculty of Law Library — Cairo University

Official Online Catalog

La Révolution Hongroise : (Record no. 70837)

MARC details
000 -LEADER
fixed length control field 01260nam a2200313 i 4500
003 - CONTROL NUMBER IDENTIFIER
control field EG-GICUC
005 - DATE AND TIME OF LATEST TRANSACTION
control field 20260414113451.0
008 - FIXED-LENGTH DATA ELEMENTS--GENERAL INFORMATION
fixed length control field 260414s1957 fr abdofr|||| 000 0 fre d
040 ## - CATALOGING SOURCE
Original cataloging agency EG-GiCUC
Language of cataloging fre
Transcribing agency EG-GiCUC
Modifying agency EG-GiCUC
Description conventions Rda
082 04 - DEWEY DECIMAL CLASSIFICATION NUMBER
Edition number 21
Classification number 341.71
Item number LA . R
092 04 - LOCALLY ASSIGNED DEWEY CALL NUMBER (OCLC)
Edition number 21
099 ## - LOCAL FREE-TEXT CALL NUMBER (OCLC)
Classification number Law 11 341.71 LA . R 1957
100 1# - MAIN ENTRY--PERSONAL NAME
Personal name Lasky , Melvin J
Relator term Auteur
245 10 - TITLE STATEMENT
Title La Révolution Hongroise :
Remainder of title Histoire Du Soulèvement D'octobre D'après Les Documents, Les Dépêches, Les Rapports Des Témoins Oculaires Et Les Réactions Mondiales Réunis /
Statement of responsibility, etc. Par Melvin J. Lasky, Et François Bondy, Pour L'édition Française; Précédée De Une Révolution Antitotalitaire Par Raymond Aron.
264 #1 - PRODUCTION, PUBLICATION, DISTRIBUTION, MANUFACTURE, AND COPYRIGHT NOTICE
Place of production, publication, distribution, manufacture Paris :
Name of producer, publisher, distributor, manufacturer Librairie Plon,
Date of production, publication, distribution, manufacture, or copyright notice 1957.
300 ## - PHYSICAL DESCRIPTION
Extent 327 page :
Other physical details illustration,
Dimensions 24 cm.
336 ## - CONTENT TYPE
Source rda contenu
Content type term texte
337 ## - MEDIA TYPE
Source rda medias
Media type term Ordinateur
338 ## - CARRIER TYPE
Source transporteur rda
Carrier type term Ressource en ligne
490 ## - SERIES STATEMENT
Volume/sequential designation Les Documents De Tribune Lirre
504 ## - BIBLIOGRAPHY, ETC. NOTE
Bibliography, etc. note <br/>
546 ## - LANGUAGE NOTE
Language note Texte en français
650 14 - SUBJECT ADDED ENTRY--TOPICAL TERM
Topical term or geographic name entry element Droit international public
700 1# - ADDED ENTRY--PERSONAL NAME
Personal name Raymond Aron
Relator term Préfacier
700 1# - ADDED ENTRY--PERSONAL NAME
Personal name Bondy , François
Relator term Co-Auteur
856 40 - ELECTRONIC LOCATION AND ACCESS
Uniform Resource Identifier <a href="https://fll.law.cu.edu.eg/fulltext/bks/B11-08429.pdf">https://fll.law.cu.edu.eg/fulltext/bks/B11-08429.pdf</a>
905 ## - Cataloger and Reviser Names
Cataloger Name: Basma Mohamed
942 ## - ADDED ENTRY ELEMENTS (KOHA)
Source of classification or shelving scheme Dewey Decimal Classification
Koha item type Books
Edition 21
Suppress in OPAC No
Holdings
Withdrawn status Lost status Source of classification or shelving scheme Damaged status Not for loan Collection Home library Current library Date acquired Total checkouts Full call number Barcode Date last seen Copy number Price effective from Koha item type
    Dewey Decimal Classification   Not for loan القانون الدولي العام جــــامعة القــاهرة مكتبة كلية الحقوق - المبنى الرئيسي 14.04.2026   Law 11 341.71 LA . R 1957 1108428 C1 B11-08428 14.04.2026 1 14.04.2026 Books
    Dewey Decimal Classification     القانون الدولي العام جــــامعة القــاهرة مكتبة كلية الحقوق - المبنى الرئيسي 14.04.2026   Law 11 341.71 LA . R 1957 1108429 C2 B11-08429 14.04.2026 2 14.04.2026 Books

© All rights reserved — Faculty of Law, Cairo University